[Event "Madrid San Viator op-A 28th"]
[Site "Madrid"]
[Date "2017.04.23"]
[Round "4"]
[White "Lopez Garralon, Miguel"]
[Black "Estevez Sacristan, Deva"]
[Result "1-0"]
[WhiteElo "2012"]
[BlackElo "1813"]
[PlyCount "107"]
[EventDate "2017.03.26"]
[EventType "swiss"]
[EventRounds "9"]
[EventCountry "ESP"]
[SourceTitle "EXT 2018"]
[Source "ChessBase"]
[SourceDate "2017.10.13"]
[SourceVersion "1"]
[SourceVersionDate "2017.10.13"]
[SourceQuality "1"]

1. e4 e6 2. d3 d5 3. Nd2 c5 4. Ngf3 Nf6 5. Be2 Nc6 6. c3 Bd6 7. 0-0 0-0 8. a3 a5 9. b3 b6 10. Bb2 Bb7 11. Re1 Qc7 12. Qc2 Ne5 13. Nxe5 Bxe5 14. g3 dxe4 15. dxe4 Bd6 16. Rad1 Rad8 17. Bf3 Nd7 18. Bg2 f6 19. f4 b5 20. c4 b4 21. a4 e5 22. f5 Nb8 23. Nf1 Nc6 24. Ne3 Nd4 25. Bxd4 exd4 26. Nd5 Bxd5 27. exd5 Rde8 28. Re6 Rxe6 29. dxe6 Be5 30. Qe4 Rd8 31. Kf2 Qd6 32. Ke2 Kf8 33. Kd3 Rc8 34. Qh4 Kg8 35. Qh5 Qc7 36. Bd5 Qe7 37. Re1 Rd8 38. Bf3 Qe8 39. Qh3 h6 40. Re4 Kf8 41. Bh5 Qc6 42. Qg4 Qc7 43. Bf7 Rc8 44. Qg6 Ke7 45. Qxg7 Kd6 46. Qxh6 Kc6 47. Qh3 Rf8 48. Bg6 Qg7 49. Rh4 Qc7 50. Rh7 Qc8 51. Qg2+ Kb6 52. e7 Re8 53. Qd5 Qb8 54. Bxe8 1-0

[Event "Madrid Chamartin op 1st"]
[Site "Madrid"]
[Date "2012.09.13"]
[Round "7"]
[White "Lopez Garralon, Miguel"]
[Black "Fernandez Lledo, Javier"]
[Result "0-1"]
[WhiteElo "1947"]
[BlackElo "2202"]
[PlyCount "48"]
[EventDate "2012.09.09"]
[EventType "swiss"]
[EventRounds "9"]
[EventCountry "ESP"]
[SourceTitle "CBM 150 Extra"]
[Source "ChessBase"]
[SourceDate "2012.10.19"]
[SourceVersion "1"]
[SourceVersionDate "2012.10.19"]
[SourceQuality "1"]

1. e4 d6 2. Nc3 Nc6 3. Bc4 Nf6 4. d3 Na5 5. Bb3 Nxb3 6. axb3 g6 7. h3 Bg7 8. Nce2 0-0 9. f4 e5 10. Nf3 Nh5 11. fxe5 dxe5 12. Be3 f5 13. 0-0 f4 14. Bc5 Re8 15. Nc3 Ng3 16. Rf2 g5 17. d4 b6 18. dxe5 bxc5 19. Qd5+ Qxd5 20. Nxd5 Bxe5 21. Nxe5 Rxe5 22. Nxc7 Rb8 23. Rd2 Bb7 24. Nd5 Nxe4 0-1

[Event "Madrid-ch sf-A"]
[Site "Madrid"]
[Date "2012.04.23"]
[Round "7"]
[White "Cano Mercado, Francisco Manuel"]
[Black "Lopez Garralon, Miguel"]
[Result "1-0"]
[WhiteElo "1872"]
[BlackElo "1928"]
[PlyCount "65"]
[EventDate "2012.04.10"]
[EventType "swiss"]
[EventRounds "9"]
[EventCountry "ESP"]
[SourceTitle "CBM 148 Extra"]
[Source "ChessBase"]
[SourceDate "2012.06.22"]
[SourceVersion "1"]
[SourceVersionDate "2012.06.22"]
[SourceQuality "1"]

1. d4 d6 2. c4 Nf6 3. Nc3 Nbd7 4. g3 e5 5. Bg2 c6 6. e4 Be7 7. Nge2 Qc7 8. 0-0 b6 9. f4 Bb7 10. Kh1 h5 11. fxe5 dxe5 12. dxe5 Qxe5 13. Rf5 Qe6 14. Nd4 Qxc4 15. Bf1 Qb4 16. a3 Qd6 17. Bf4 Ne5 18. Bxe5 Qd7 19. Nde2 Qxf5 20. exf5 Ng4 21. Qb3 Nxe5 22. Bg2 0-0-0 23. Ne4 Rd3 24. Qc2 Rhd8 25. Nf4 R3d4 26. b4 Ng4 27. Qe2 c5 28. Kg1 cxb4 29. axb4 Bxb4 30. Rc1+ Kb8 31. h3 Rd2 32. Nxd2 Rxd2 33. Qe8+ 1-0

[Event "Madrid-ch prel-B"]
[Site "Madrid"]
[Date "2012.02.18"]
[Round "7.2"]
[White "Vukotic Jovsic, Dragan"]
[Black "Lopez Garralon, Miguel"]
[Result "0-1"]
[WhiteElo "1955"]
[BlackElo "1928"]
[PlyCount "66"]
[EventDate "2012.02.02"]
[EventType "swiss"]
[EventRounds "9"]
[EventCountry "ESP"]
[SourceTitle "EXT 2024"]
[Source "ChessBase"]
[SourceDate "2023.10.10"]
[SourceVersion "1"]
[SourceVersionDate "2023.10.10"]
[SourceQuality "1"]

1. d4 d6 2. Nf3 Nd7 3. Bf4 g6 4. e4 Bg7 5. e5 Nb6 6. Nc3 Bg4 7. h3 dxe5 8. dxe5 Qxd1+ 9. Rxd1 Bxf3 10. gxf3 c6 11. Bh2 Nh6 12. a4 Nd7 13. f4 0-0-0 14. Bc4 a5 15. 0-0 Nc5 16. Bg3 Rhf8 17. f3 Nf5 18. Bf2 Nd7 19. e6 fxe6 20. Bxe6 Kc7 21. Bxd7 Rxd7 22. Bb6+ Kc8 23. Rxd7 Kxd7 24. Rd1+ Nd6 25. Bxa5 Bxc3 26. Bxc3 Rxf4 27. Rd4 Rxf3 28. Kg2 Rf5 29. Be1 e5 30. Rd3 Ke6 31. Bb4 Ne4 32. Be1 Nc5 33. a5 Nxd3 0-1

[Event "Madrid-ch sf-B"]
[Site "Madrid"]
[Date "2011.01.15"]
[Round "2"]
[White "Vazquez Gonzalez, Jesus"]
[Black "Lopez Garralon, Miguel"]
[Result "0-1"]
[WhiteElo "2071"]
[BlackElo "1895"]
[PlyCount "62"]
[EventDate "2011.01.14"]
[EventType "swiss"]
[EventRounds "9"]
[EventCountry "ESP"]
[SourceTitle "CBM 140 Extra"]
[Source "ChessBase"]
[SourceDate "2011.03.01"]
[SourceVersion "1"]
[SourceVersionDate "2011.03.01"]
[SourceQuality "1"]

1. e4 d6 2. d4 Nf6 3. Nc3 Nbd7 4. Nf3 e5 5. Bc4 h6 6. 0-0 Be7 7. a4 a5 8. dxe5 dxe5 9. Qe2 c6 10. Rd1 Qc7 11. Nh4 Nc5 12. Nf5 Bf8 13. Ng3 g6 14. b3 Ne6 15. Be3 Ng4 16. Qf3 Nxe3 17. fxe3 Bc5 18. Kh1 0-0 19. h4 Qe7 20. Qg4 Ng7 21. Qxg6 Qxh4+ 22. Kg1 Bxe3+ 23. Kf1 Be6 24. Bxe6 fxe6+ 25. Ke2 Rf6 26. Rh1 Qf4 27. Qxf6 Qxf6 28. Raf1 Qg5 29. Rf3 Bf4 30. Rh3 Rd8 31. Nb1 h5 0-1

[Event "Parla op 25th"]
[Site "Parla"]
[Date "2010.09.06"]
[Round "6"]
[White "Lopez Garralon, Miguel"]
[Black "Rodrigo Yanguas, Maria"]
[Result "1/2-1/2"]
[WhiteElo "1788"]
[BlackElo "2092"]
[PlyCount "135"]
[EventDate "2010.09.04"]
[EventType "swiss"]
[EventRounds "9"]
[EventCountry "ESP"]
[SourceTitle "CBM 138 Extra"]
[Source "ChessBase"]
[SourceDate "2010.10.29"]
[SourceVersion "1"]
[SourceVersionDate "2010.10.29"]
[SourceQuality "1"]

1. e4 e6 2. b3 d5 3. Bb2 dxe4 4. Nc3 Nf6 5. f3 exf3 6. Nxf3 Be7 7. Bd3 Nbd7 8. Qe2 a6 9. h3 Nc5 10. Be4 Ncxe4 11. Nxe4 b6 12. g4 Bb7 13. Ng3 Qd5 14. Rf1 0-0-0 15. 0-0-0 Bd6 16. Ne5 Nd7 17. Nxf7 Bxg3 18. Nxh8 Rxh8 19. Bxg7 Rd8 20. Qe3 Bd6 21. c4 Qa5 22. Kb1 e5 23. d4 exd4 24. Bxd4 Nc5 25. Bc3 Qa3 26. Bb2 Be4+ 27. Ka1 Qa5 28. Rd4 Bg6 29. Rd5 Re8 30. Qc3 Qxc3 31. Bxc3 Re3 32. Bd4 Rxh3 33. b4 Nd3 34. a3 Nf4 35. Rxd6 cxd6 36. Rxf4 Rxa3+ 37. Kb2 Ra4 38. Kb3 b5 39. Rf8+ Kc7 40. Rf6 Bd3 41. cxb5 axb5 42. Bb2 Ra8 43. Rf7+ Kc6 44. Rg7 Rf8 45. g5 Rf3 46. Bc3 Bg6 47. Kb2 Rg3 48. Bf6 Bf5 49. Re7 Kd5 50. Rc7 Rg2+ 51. Kb3 Bd3 52. Rc1 Bc4+ 53. Kc3 Rg3+ 54. Kd2 Rd3+ 55. Kc2 Rh3 56. Rd1+ Ke6 57. Re1+ Kf5 58. Be7 d5 59. Bf6 Rb3 60. Be7 d4 61. Rd1 d3+ 62. Kd2 Rb2+ 63. Kc3 Re2 64. Bf6 Ke4 65. Rd2 Re1 66. Rh2 Bg8 67. Rh4+ Kf5 68. Kxd3 1/2-1/2

[Event "ESP-ch U16"]
[Site "Linares"]
[Date "2010.07.20"]
[Round "1"]
[White "Lopez Garralon, Miguel"]
[Black "Meneses Gonzalez, Kevin Moises"]
[Result "0-1"]
[WhiteElo "1788"]
[BlackElo "2172"]
[PlyCount "106"]
[EventDate "2010.07.20"]
[EventType "swiss"]
[EventRounds "9"]
[EventCountry "ESP"]
[SourceTitle "CBM 137 Extra"]
[Source "ChessBase"]
[SourceDate "2010.09.01"]
[SourceVersion "1"]
[SourceVersionDate "2010.09.01"]
[SourceQuality "1"]

1. e4 c5 2. Nf3 d6 3. d4 cxd4 4. Nxd4 Nf6 5. Nc3 Nc6 6. Bc4 Qb6 7. Nxc6 bxc6 8. h3 e6 9. 0-0 Be7 10. Bb3 0-0 11. Be3 Qc7 12. f4 Bb7 13. f5 e5 14. g4 d5 15. g5 d4 16. gxf6 Bxf6 17. Bf2 dxc3 18. bxc3 Rfd8 19. Qg4 c5 20. Bc4 Qc6 21. Rfe1 Qa4 22. Bb3 Qa5 23. Qf3 Rd2 24. Qe3 Rad8 25. Qxc5 Qxc5 26. Bxc5 Bh4 27. Bxa7 Bxe1 28. Rxe1 Rd1 29. Kf2 Rxe1 30. Kxe1 Bxe4 31. a4 Ra8 32. Bb6 Bxf5 33. Bc7 Kf8 34. Kf2 f6 35. a5 Ke7 36. Bd5 Rc8 37. Bb6 Bd7 38. Bb7 Rxc3 39. a6 Bc8 40. Ke1 Rxc2 41. Be4 Rc4 42. Bd5 Bxa6 43. Bxc4 Bxc4 44. h4 g6 45. Kf2 Ke6 46. Be3 Kf5 47. Kf3 Bd5+ 48. Kg3 Ke4 49. Bb6 f5 50. Kf2 f4 51. Bc7 Kf5 52. Bd6 e4 53. Bc7 Kg4 0-1

[Event "Tres Cantos op 1st"]
[Site "Tres Cantos"]
[Date "2009.06.12"]
[Round "7"]
[White "Lopez Garralon, Miguel"]
[Black "Fernandez Gil, Ruben Carlos"]
[Result "1-0"]
[WhiteElo "1751"]
[BlackElo "1603"]
[PlyCount "57"]
[EventDate "2009.06.06"]
[EventType "swiss"]
[EventRounds "9"]
[EventCountry "ESP"]
[SourceTitle "EXT 2010"]
[Source "ChessBase"]
[SourceDate "2010.11.25"]
[SourceVersion "1"]
[SourceVersionDate "2010.11.25"]
[SourceQuality "1"]

1. e4 e6 2. d4 d5 3. e5 b6 4. Nf3 Ba6 5. Bxa6 Nxa6 6. 0-0 c5 7. c3 Qd7 8. a3 Nc7 9. Nbd2 Be7 10. Re1 f6 11. Nf1 Rc8 12. Bf4 f5 13. Ng5 Bxg5 14. Bxg5 h6 15. Be3 g5 16. f4 g4 17. Bf2 c4 18. Bh4 b5 19. Ng3 Qf7 20. a4 a6 21. axb5 axb5 22. Ra7 Ra8 23. Qa1 Rxa7 24. Qxa7 Kf8 25. Qb8+ Kg7 26. Ra1 Ne7 27. Bf6+ Kg6 28. Bxh8 Ne8 29. Ra7 1-0

[Event "Tres Cantos op 1st"]
[Site "Tres Cantos"]
[Date "2009.06.09"]
[Round "4"]
[White "Perez Cameselle, Francisco Jose"]
[Black "Lopez Garralon, Miguel"]
[Result "1/2-1/2"]
[WhiteElo "2016"]
[BlackElo "1751"]
[PlyCount "76"]
[EventDate "2009.06.06"]
[EventType "swiss"]
[EventRounds "9"]
[EventCountry "ESP"]
[SourceTitle "EXT 2010"]
[Source "ChessBase"]
[SourceDate "2010.11.25"]
[SourceVersion "1"]
[SourceVersionDate "2010.11.25"]
[SourceQuality "1"]

1. Nf3 d5 2. g3 e6 3. Bg2 c5 4. d3 Nc6 5. Nbd2 Bd6 6. e4 Nge7 7. 0-0 0-0 8. Qe2 f6 9. c3 a5 10. a4 Rb8 11. Re1 b6 12. h4 Ba6 13. Bh3 f5 14. exd5 exd5 15. Ng5 Bc8 16. Ne6 Bxe6 17. Qxe6+ Kh8 18. f4 Rf6 19. Qe2 d4 20. c4 Nb4 21. Nf3 Nec6 22. Ne5 Bxe5 23. fxe5 Re6 24. Bxf5 Rxe5 25. Be4 Re8 26. Bg5 Qd6 27. Bf4 Ne5 28. Bxh7 Kxh7 29. Qh5+ Kg8 30. Rxe5 Qc6 31. Rae1 Rxe5 32. Qxe5 Rf8 33. Qg5 Nxd3 34. Re7 Qf6 35. Qd5+ Kh8 36. Qh5+ Kg8 37. Qd5+ Kh8 38. Qh5+ Kg8 1/2-1/2

[Event "Parla 25 Jubilee op"]
[Site "Parla"]
[Date "2008.09.11"]
[Round "6"]
[White "Vazquez Torres, Adrian"]
[Black "Lopez Garralon, Miguel"]
[Result "1-0"]
[WhiteElo "1981"]
[BlackElo "1693"]
[PlyCount "79"]
[EventDate "2008.09.06"]
[EventType "swiss"]
[EventRounds "9"]
[EventCountry "ESP"]
[SourceTitle "CBM 126 Extra"]
[Source "ChessBase"]
[SourceDate "2008.11.05"]
[SourceVersion "1"]
[SourceVersionDate "2008.11.05"]
[SourceQuality "1"]

1. e4 e6 2. d4 d5 3. Nc3 dxe4 4. Nxe4 Bd7 5. Nf3 Bc6 6. Bd3 Nd7 7. c4 Ngf6 8. Nc3 Bxf3 9. Qxf3 c6 10. 0-0 Be7 11. b3 0-0 12. Bb2 Re8 13. Rad1 Qc7 14. Bb1 Rad8 15. Rfe1 Bd6 16. Qh3 g6 17. Ne4 Nxe4 18. Rxe4 Nf6 19. Rh4 h5 20. Qf3 Ng4 21. h3 Be7 22. hxg4 Bxh4 23. gxh5 Rf8 24. Qe4 Bf6 25. Rd3 Bg7 26. Rg3 Qe7 27. hxg6 fxg6 28. Qxg6 Rf6 29. Qh7+ Kf8 30. Ba3 Qxa3 31. Qxg7+ Ke8 32. Qxf6 Qc1+ 33. Kh2 Kd7 34. Be4 Re8 35. d5 exd5 36. Bf5+ Kc7 37. Qf7+ Kb6 38. Qxe8 Qh6+ 39. Bh3 d4 40. Qd8+ 1-0

[Event "Parla 25 Jubilee op"]
[Site "Parla"]
[Date "2008.09.09"]
[Round "4"]
[White "Montanes Arribas, Adrian"]
[Black "Lopez Garralon, Miguel"]
[Result "1-0"]
[WhiteElo "2034"]
[BlackElo "1693"]
[PlyCount "101"]
[EventDate "2008.09.06"]
[EventType "swiss"]
[EventRounds "9"]
[EventCountry "ESP"]
[SourceTitle "CBM 126 Extra"]
[Source "ChessBase"]
[SourceDate "2008.11.05"]
[SourceVersion "1"]
[SourceVersionDate "2008.11.05"]
[SourceQuality "1"]

1. e4 e6 2. d4 d5 3. Nc3 dxe4 4. Nxe4 Bd7 5. Nf3 Bc6 6. Bd3 Nd7 7. 0-0 Ngf6 8. Ng3 Bxf3 9. Qxf3 c6 10. Re1 Bd6 11. c3 Qc7 12. a4 0-0 13. Bc2 Rfe8 14. Bg5 h6 15. Bc1 Rad8 16. a5 e5 17. Nf5 e4 18. Qh3 Bf4 19. a6 b5 20. Qh4 Bxc1 21. Raxc1 Re6 22. Rcd1 Rde8 23. Re3 Nf8 24. Qg3 Qxg3 25. Nxg3 N8d7 26. Rde1 Nb8 27. Nxe4 Nxa6 28. Nxf6+ gxf6 29. Bf5 Rxe3 30. Rxe3 Rxe3 31. fxe3 Kf8 32. Bc8 Nb8 33. Kf2 Ke7 34. Kf3 Kd6 35. e4 a5 36. Ke3 c5 37. dxc5+ Kxc5 38. g4 Kc4 39. Kd2 Nc6 40. Bb7 Ne5 41. Bd5+ Kc5 42. h3 Nc4+ 43. Bxc4 Kxc4 44. Kc2 Kc5 45. h4 Kd6 46. Kd3 Ke5 47. Ke3 b4 48. cxb4 axb4 49. b3 f5 50. gxf5 f6 51. h5 1-0

[Event "ESP-ch U14"]
[Site "Padron"]
[Date "2008.07.15"]
[Round "4"]
[White "Lopez Garralon, Miguel"]
[Black "Shatko, Danil"]
[Result "0-1"]
[WhiteElo "1693"]
[BlackElo "1863"]
[PlyCount "97"]
[EventDate "2008.07.13"]
[EventType "swiss"]
[EventRounds "9"]
[EventCountry "ESP"]
[SourceTitle "CBM 125 Extra"]
[Source "ChessBase"]
[SourceDate "2008.09.01"]
[SourceVersion "1"]
[SourceVersionDate "2008.09.01"]
[SourceQuality "1"]

1. e4 e6 2. d3 d5 3. Nd2 Nf6 4. g3 dxe4 5. dxe4 e5 6. Bg2 Bc5 7. Ngf3 Nc6 8. c3 Qd3 9. Bf1 Qd6 10. Bg2 Bg4 11. 0-0 0-0-0 12. Qe2 Qe6 13. b4 Bb6 14. Nc4 Rd7 15. Nxb6+ cxb6 16. Bg5 Rhd8 17. a4 h6 18. b5 Na5 19. Bxf6 Qxf6 20. Rad1 Qe6 21. Qc2 Nb3 22. Rxd7 Rxd7 23. c4 Nc5 24. Nd2 Be2 25. Rc1 Rd4 26. Bf1 Bxf1 27. Rxf1 Rd3 28. Ra1 Qd6 29. Ra2 Qd4 30. Qb2 Nxe4 31. Qxd4 Rxd4 32. Nxe4 Rxe4 33. Rc2 Re1+ 34. Kg2 Ra1 35. c5 Kd7 36. c6+ bxc6 37. bxc6+ Kc7 38. Rc4 a6 39. Kf3 b5 40. axb5 axb5 41. Rc5 b4 42. Rb5 Ra4 43. Rxe5 Kxc6 44. Re1 b3 45. Ke3 Kc5 46. Kd3 Kb4 47. Re8 b2 48. Re4+ Kb3 49. Re8 0-1